Loading...
Trade law, Domestic Regulation and Development
| Main Author: | |
|---|---|
| Format: | Printed Book |
| Published: |
New Jersey
World Scientific
2015
|
| Subjects: |
| LEADER | 00511nam a22001337a 4500 | ||
|---|---|---|---|
| 020 | |a 9789814635714 | ||
| 082 | |a 382.5 |b TRA.T | ||
| 100 | |a Joel P Trachtman | ||
| 245 | |a Trade law, Domestic Regulation and Development | ||
| 260 | |a New Jersey |b World Scientific |c 2015 | ||
| 650 | |a Trade law and Development |a WTO Cathedral |a Regulatory Jurisdiction and the WTO | ||
| 942 | |c BK | ||
| 999 | |c 8002 |d 8002 | ||
| 952 | |0 0 |1 0 |4 0 |6 382_500000000000000_TRA_T |7 0 |9 9891 |a CAMPUS |b CAMPUS |d 2016-05-28 |l 0 |o 382.5 TRA.T |p 21707 |r 2016-05-28 |w 2016-05-28 |y BK | ||